01412nam a22002177a 4500008004100000020001800041082001700059100003400076245010000110260004800210300001800258337001000276338001400286490002200300500018400322505052800506650004701034650004601081650003401127650003301161150526b xxu||||| |||| 00| 0 spa d a9786074624168 a327.72 L148h aLajous Vargas, Robertoeautor aHistoria Mínima de las Relaciones Exteriores de México, 1821-2000c/ Roberto Lajous Vargas a Méxicob: El Colegio de Méxicoc, 2012 a369 páginas atexto asin medio aHistoria Mínima aSegunda reimpresión, abril 2013 Imagen de portada:: Tratado de Amistad, Comercio y Navegación entre México y Perú, 1833. Lecturas recomendadas al final de cada capítulo. aPrologo. Introducción. EL reconocimiemnto internacional de México, 1821-1836. La pérdida de territorio mexicano a favor de Estados Unidos, 1836-1853. La reforma, la intervwnción y la republica restaurada, 1854-1876. El porfiriato, 1877-1911. La revolución mexicana y la primera guerra mundial, 1911-1920. La era del nacionalismo, 192-1940. La segunda guerra mundial, 1914-1946. La guerra fría, 1947-1969. La détente y el fin de la guerra fría, 1969-1989. La integración a la economía mundial, 1990-2000.14aRELACIONES EXTERIORESySIGLO XIXzMÉXICO24aRELACIONES EXTERIORESySIGLO XXzMÉXICO34aMÉXICOxHISTORIAySIGLO XIX44aMÉXICOxHISTORIAySIGLO XX